Govt. of
Madhya Pradesh

Short Stories From Pakistan (Record no. 64853)

MARC details
000 -LEADER
fixed length control field 00267nam a2200109Ia 4500
008 - FIXED-LENGTH DATA ELEMENTS--GENERAL INFORMATION
fixed length control field 221009s9999 xx 000 0 und d
082 ## - DEWEY DECIMAL CLASSIFICATION NUMBER
Classification number 823/HUS
100 ## - MAIN ENTRY--PERSONAL NAME
Personal name Hussain, Intizar
9 (RLIN) 10974
245 #0 - TITLE STATEMENT
Title Short Stories From Pakistan
260 ## - PUBLICATION, DISTRIBUTION, ETC. (IMPRINT)
Name of publisher, distributor, etc. Sahitya Academy
942 ## - ADDED ENTRY ELEMENTS (KOHA)
Koha item type Books

No items available.